000 01621cam a22004694i 4500
003 PE-LiUPU
005 20250731184552.0
008 150616s1958 pe r 000 0 spa d
035 _a(Sirsi) a3446
040 _aPE-LiUPU
_bspa
_cPE-LiUPU
_dPE-LiUPU
_erda
049 _aPRUA
082 0 4 _a985.25
_bS932r
_221
100 1 _aStubbs, Ricardo Walter,
_eautor.
245 1 0 _aRegistro histórico de Lurigancho y la ciudad de Chosica /
_cRicardo Walter Stubbs.
264 1 _aLima :
_bConsejo distrital de Lurigancho,
_c1958.
300 _a337 páginas ;
_c24 cm.
336 _atext
_2rdacontent
337 _aunmediated
_2rdamedia
338 _avolume
_2rdacarrier
505 0 _aRegistro histórico de Lurigancho y la ciudad de Chosica.
526 _aP136
526 _aP135
526 _aP134
526 _aP133
526 _aP144
526 _aP143
526 _aP87
526 _aP35
526 _aP20
526 _aP14
526 _aP10
526 _aP06
651 0 _9243
_aLurigancho (Distrito: Lima)
_xHistoria.
651 0 _9244
_aChosica.
910 _ajck
942 _2ddc
_cBOOK
949 _a985.2 St9
_wDEWEY
_c1
_i03721
_lCCODEBUL1
_mBUL
_p20.00
_r0
_sY
_tBOOK
_u2015-04-23
_xBIBLIOTECA
_zUNKNOWN
_0COMPRA
_o.STAFF. Colección Ciencias Humanas y Educación
949 _a985.2 St9
_wDEWEY
_c2
_i03720
_lCCODEBUL1
_mBUL
_p20.00
_r0
_sY
_tBOOK
_u2015-04-23
_xEDUCACION
_0COMPRA
_o.STAFF. Colección Ciencias Humanas y Educación
999 _c42318
_d42318
980 _81
_gALBERTO SANCHEZ Responsable de Automatización